| 000 | nam a22 7a 4500 | ||
|---|---|---|---|
| 999 |
_c1586 _d1586 |
||
| 005 | 20170511095334.0 | ||
| 008 | 170511b1981 e ||||| |||| 00| 0 eng d | ||
| 020 |
_a0803914865 (hardcover) _a0803914873 (softcover) |
||
| 040 | _aAKMAL | ||
| 082 | _a327.17 LEV | ||
| 090 |
_a327.17 _bLEV |
||
| 100 | 1 |
_a Levi, Werner, _d1912-2005 _93206 |
|
| 245 | 1 | 4 |
_aThe coming end of war / _cWerner Levi |
| 260 |
_aBeverly Hills ; _aLondon : _b Sage, _cc1981 |
||
| 300 |
_a183p. ; _c 23cm |
||
| 490 | 0 |
_aSage library of social research ; _vv.117 |
|
| 504 | _aBibliography: p179-182. | ||
| 650 | 0 |
_aNuclear warfare _93207 |
|
| 650 | 0 |
_aWar _93208 |
|
| 650 | 0 |
_aWorld politics _y1945-1989 _93209 |
|
| 942 |
_2ddc _cBOOK |
||